000 00832nam a2200241 i 4500
001 bg
245 0 0 _aOwies :
_bchemia i technologia : [praca zbiorowa] /
_cpod red. Henryka Gąsiorowskiego ; [zesp. aut. Anna Cierniewska et al.].
260 _aPoznań :
_bPaństwowe Wydawnictwo Rolnicze i Leśne,
_c1995.
300 _a180 s. :
_brys., wykr. ;
_c24 cm.
504 _aBibliogr. przy rozdz.
650 9 _aOwies
655 _aPodręczniki
700 1 _aGĄSIOROWSKI, Henryk
_d(1922- )
700 1 _aCIERNIEWSKA, Anna
020 _a8309016409
040 _cBPK
041 0 _apol
080 _a633.13:582.52/.59:664.6/.7:613.2](07)
920 _a83-09-01640-9
942 _cKS
008 s pl f |000 0 pol
999 _c53296
_d53296
856 _uhttp://koha.tu.koszalin.pl/cgi-bin/koha/opac-detail.pl?biblionumber=53296
_yKatalog online BPK